Nathiyaai aval! odamaai naan!
| Main Author: | |
|---|---|
| Format: | Book |
| Published: |
Chennai, India :
Arunothayam ,
2016
|
| Subjects: |
MARC
| LEADER | 00000cam a2200000 7i4500 | ||
|---|---|---|---|
| 001 | 0000219210 | ||
| 005 | 20180503.0 | ||
| 090 | 0 | 0 | |a T |b SEE |
| 100 | 1 | |a Seethaletchumi, N. | |
| 245 | 1 | 0 | |a Nathiyaai aval! odamaai naan! |c N. Seethaletchumi |
| 260 | |a Chennai, India : |b Arunothayam , |c 2016 | ||
| 300 | |a 300p. ; |c 18cm. | ||
| 650 | 0 | |a Fiction |x Tamil collections | |
| 999 | |a 00350956 |b BUKU |c TAMIL COLLECTION |e PERPUSTAKAAN KOMUNITI PETALING JAYA | ||